000 00771nam a2200253 a 4500
008
020 _a0130278211 (hbk.)
049 _aMAIN
090 0 0 _aTA645
_bSCH
100 1 _aSchodek, Daniel L.
245 1 0 _aStructures /
_cDaniel L. Schodek.
250 _a4th ed.
260 _aUpper Saddle River, N.J. :
_bPrentice Hall,
_cc2001.
300 _axvi, 581 p. :
_bill. ;
_c24 cm. +
_e1 computer optical disc (4 3/4 in.).
504 _aIncludes bibliographical references.
500 _aIncludes index.
650 0 _aStructural analysis (Engineering).
650 0 _aStructural design.
907 _a.b10139394
_b23-04-12
_c04-11-04
003
005 20230123133839.0
040 _cNUST
942 _cBOOKS
_kTA645
_mSCH
999 _c155653
_d155653